[Event "DSOL 04 Liga Gr-D 1st"]
[Site "Playchess.com INT"]
[Date "2020.08.05"]
[Round "7.2"]
[White "Pahne, Dirk"]
[Black "Muskewitz, Bernd"]
[Result "0-1"]
[WhiteElo "1903"]
[BlackElo "1816"]
[PlyCount "42"]
[EventDate "2020.06.22"]
[EventType "team-tourn (rapid)"]
[EventCountry "GER"]
[SourceTitle "EXT 2021"]
[Source "ChessBase"]
[SourceDate "2020.10.23"]
[SourceVersion "1"]
[SourceVersionDate "2020.10.23"]
[SourceQuality "1"]
[WhiteTeam "Eving SV Rochade"]
[BlackTeam "Berlin Nord Ost"]
[WhiteTeamCountry "GER"]
[BlackTeamCountry "GER"]

1. e4 c5 2. Nc3 e6 3. g3 Nc6 4. Bg2 g6 5. Nge2 Bg7 6. 0-0 Nge7 7. d3 0-0 8. Be3 d6 9. Qd2 Nd4 10. Nd1 Nxe2+ 11. Qxe2 Rb8 12. c3 b5 13. d4 cxd4 14. cxd4 b4 15. Rc1 Qa5 16. Qd2 Qxa2 17. Bg5 f6 18. Bh6 Qa5 19. Bxg7 Kxg7 20. Ne3 Ba6 21. Rc7 Qxc7 0-1

[Event "Berlin Lichtenberger op 18th"]
[Site "Berlin"]
[Date "2019.08.20"]
[Round "4"]
[White "Muskewitz, Bernd"]
[Black "Dittrich, Hans Georg"]
[Result "1-0"]
[WhiteElo "1879"]
[BlackElo "1722"]
[PlyCount "91"]
[EventDate "2019.08.17"]
[EventType "swiss"]
[EventRounds "9"]
[EventCountry "GER"]
[SourceTitle "EXT 2020"]
[Source "ChessBase"]
[SourceDate "2019.10.17"]
[SourceVersion "1"]
[SourceVersionDate "2019.10.17"]
[SourceQuality "1"]

1. e4 e5 2. Nf3 Nc6 3. Bb5 a6 4. Ba4 Nf6 5. 0-0 Be7 6. Re1 b5 7. Bb3 d5 8. exd5 Nxd5 9. Nxe5 Nxe5 10. Rxe5 c6 11. Bxd5 cxd5 12. Nc3 Bb7 13. d4 0-0 14. Qd3 Bd6 15. Rh5 g6 16. Rh3 Re8 17. Re3 b4 18. Rxe8+ Qxe8 19. Ne2 a5 20. Be3 Ba6 21. Qd2 Qb5 22. Nf4 Rc8 23. Nd3 Re8 24. Bf4 Bf8 25. Be5 Bg7 26. Bxg7 Kxg7 27. Re1 Re4 28. Nc5 Rxe1+ 29. Qxe1 Kf8 30. h3 h5 31. Qe5 Qf1+ 32. Kh2 Bb5 33. Qf6 Qe2 34. a3 Kg8 35. Qd8+ Kh7 36. Qf6 Kg8 37. axb4 axb4 38. Qf4 Kf8 39. Qb8+ Kg7 40. Qe5+ Qxe5+ 41. dxe5 Kf8 42. h4 Ke7 43. Kg3 f6 44. Kf4 Be2 45. Nb3 Ke6 46. Nd4+ 1-0

[Event "Berlin Lichtenberger op 18th"]
[Site "Berlin"]
[Date "2019.08.17"]
[Round "1"]
[White "Nareyek, Matthias"]
[Black "Muskewitz, Bernd"]
[Result "0-1"]
[WhiteElo "1448"]
[BlackElo "1879"]
[PlyCount "68"]
[EventDate "2019.08.17"]
[EventType "swiss"]
[EventRounds "9"]
[EventCountry "GER"]
[SourceTitle "EXT 2020"]
[Source "ChessBase"]
[SourceDate "2019.10.17"]
[SourceVersion "1"]
[SourceVersionDate "2019.10.17"]
[SourceQuality "1"]

1. Nf3 d5 2. g3 c5 3. Bg2 Nc6 4. 0-0 e5 5. d3 Nf6 6. Nbd2 h6 7. e4 Be6 8. Re1 d4 9. Nc4 Bd6 10. a4 0-0 11. Nfd2 Ne8 12. Qh5 Bc7 13. Qe2 Nd6 14. Nxd6 Bxd6 15. Nf1 a6 16. f4 f6 17. f5 Bf7 18. h4 b5 19. Nh2 Qb6 20. Ng4 Rfc8 21. Nxf6+ gxf6 22. Qg4+ Kh7 23. Qe2 Qd8 24. Bf3 Qg8 25. Kf2 c4 26. g4 cxd3 27. cxd3 Be7 28. g5 fxg5 29. hxg5 Bxg5 30. Bxg5 Qxg5 31. Rg1 Qh4+ 32. Kf1 Rg8 33. Rc1 Rxg1+ 34. Kxg1 Qg5+ 0-1

[Event "Berlin Lichtenberger op 16th"]
[Site "Berlin"]
[Date "2017.08.27"]
[Round "9"]
[White "Muskewitz, Bernd"]
[Black "Bender, Sebastian1111"]
[Result "1/2-1/2"]
[WhiteElo "1923"]
[BlackElo "1876"]
[PlyCount "142"]
[EventDate "2017.08.19"]
[EventType "swiss"]
[EventRounds "9"]
[EventCountry "GER"]
[SourceTitle "CBM 180 Extra"]
[Source "ChessBase"]
[SourceDate "2017.10.06"]
[SourceVersion "1"]
[SourceVersionDate "2017.10.06"]
[SourceQuality "1"]

1. e4 c5 2. Nf3 e6 3. c3 Nf6 4. e5 Nd5 5. d4 cxd4 6. cxd4 d6 7. Nc3 dxe5 8. Nxe5 Bb4 9. Bd2 0-0 10. Bd3 Nf6 11. Bg5 Be7 12. 0-0 Nc6 13. Nxc6 bxc6 14. Qf3 Rb8 15. b3 Qa5 16. Ne4 Nd5 17. Bxe7 Nxe7 18. Qg3 Ba6 19. Bxa6 Qxa6 20. Nf6+ Kh8 21. Nd7 Nf5 22. Qf4 Rbd8 23. Nxf8 Rxf8 24. Rfd1 Qb7 25. Rac1 Re8 26. Rc4 h6 27. Rdc1 Qa6 28. Qc7 Rc8 29. Qxf7 Nd6 30. Qxe6 Nxc4 31. Rxc4 Rd8 32. Qe7 Rd5 33. Qe8+ Kh7 34. g3 Qxa2 35. Qe4+ Kg8 36. Qe6+ Kh7 37. Rxc6 Qb1+ 38. Kg2 Rxd4 39. Rc5 Rb4 40. Rc7 Qg6 41. Qd5 a6 42. Rc6 Qb1 43. Rxa6 Rxb3 44. Ra8 Rb8 45. Ra7 Qg6 46. Rc7 Rf8 47. Qe5 Qf6 48. Qxf6 Rxf6 49. h4 h5 50. f3 Ra6 51. g4 hxg4 52. fxg4 Ra3 53. h5 Rb3 54. Rf7 Kh6 55. Rc7 Kh7 56. Re7 Kh6 57. Re6+ Kh7 58. Kf2 Ra3 59. Re3 Ra4 60. Kf3 Ra6 61. g5 Rb6 62. Kf4 Ra6 63. Kf5 Ra5+ 64. Re5 Ra1 65. Ke6 Rh1 66. Kf7 Rf1+ 67. Ke7 Ra1 68. g6+ Kh6 69. Kf7 Ra7+ 70. Kf8 Ra8+ 71. Kf7 Ra7+ 1/2-1/2

[Event "Berlin-ch QT"]
[Site "Berlin"]
[Date "2017.04.17"]
[Round "9"]
[White "Mai, Andreas"]
[Black "Muskewitz, Bernd"]
[Result "1-0"]
[WhiteElo "1991"]
[BlackElo "1939"]
[PlyCount "81"]
[EventDate "2017.04.09"]
[EventType "swiss"]
[EventRounds "9"]
[EventCountry "GER"]
[SourceTitle "CBM 189 Extra"]
[Source "ChessBase"]
[SourceDate "2019.06.03"]
[SourceVersion "1"]
[SourceVersionDate "2019.06.03"]
[SourceQuality "1"]

1. Nf3 b6 2. g3 Bb7 3. Bg2 g6 4. 0-0 Bg7 5. d3 Nf6 6. e4 d6 7. Nc3 Nbd7 8. Bg5 0-0 9. Qd2 c5 10. Rae1 Bc6 11. e5 dxe5 12. Nxe5 Nxe5 13. Rxe5 Bxg2 14. Kxg2 Qc7 15. Rfe1 e6 16. Kg1 Ng4 17. R5e4 Ne5 18. Qe3 Nc6 19. Nb5 Qd7 20. Bh6 Ne7 21. Bxg7 Kxg7 22. Na3 Nf5 23. Qf4 Qd6 24. Qd2 Nd4 25. R1e3 f5 26. Rh4 g5 27. Rh5 h6 28. Nc4 Qd5 29. Ne5 Qxe5 30. c3 Qd5 31. cxd4 cxd4 32. Re1 Kg6 33. Rh3 Rf6 34. Rc1 Rd8 35. Rc7 Rd7 36. Rc8 e5 37. Qc1 Qxa2 38. Rh8 Rh7 39. Qc8 Qe6 40. Qa8 Rff7 41. Qg8+ 1-0

[Event "Berlin Lichtenberger op 15th"]
[Site "Berlin"]
[Date "2016.08.20"]
[Round "8"]
[White "Radjenovic, Branko"]
[Black "Muskewitz, Bernd"]
[Result "1/2-1/2"]
[WhiteElo "1802"]
[BlackElo "1951"]
[PlyCount "135"]
[EventDate "2016.08.13"]
[EventType "swiss"]
[EventRounds "9"]
[EventCountry "GER"]
[SourceTitle "CBM 173 Extra"]
[Source "ChessBase"]
[SourceDate "2016.08.29"]
[SourceVersion "1"]
[SourceVersionDate "2016.08.29"]
[SourceQuality "1"]

1. d4 d5 2. Nf3 c5 3. e3 Bg4 4. c3 Nc6 5. Be2 e6 6. Nbd2 Nf6 7. Qa4 a6 8. h3 Bh5 9. g4 Bg6 10. dxc5 Bxc5 11. Ne5 0-0 12. Nxg6 fxg6 13. Nb3 Bd6 14. Nd4 Nxd4 15. exd4 Ne4 16. Be3 Qh4 17. Qd7 Rae8 18. 0-0-0 Re7 19. Qa4 Nxf2 20. Bxf2 Qxf2 21. Qc2 Qe3+ 22. Qd2 Qg3 23. Kb1 Rf2 24. Rde1 Ref7 25. Reg1 Qh4 26. Qd3 Bh2 27. Rf1 Rxf1+ 28. Rxf1 Rxf1+ 29. Bxf1 Qe1+ 30. Kc2 Qf2+ 31. Qe2 Bg3 32. Kd3 Qf6 33. a4 g5 34. Bg2 Qg6+ 35. Ke3 Bf4+ 36. Kf2 Kf7 37. c4 Qf6 38. Bf3 Qxd4+ 39. Kg2 Be5 40. cxd5 exd5 41. Qc2 Ke7 42. b3 Qf4 43. Qc5+ Bd6 44. Qxd5 Qg3+ 45. Kf1 Qxh3+ 46. Ke2 Qh2+ 47. Bg2 Qe5+ 48. Qxe5+ Bxe5 49. Bxb7 a5 50. Kf3 Kd6 51. Ke4 g6 52. Bd5 h5 53. Bf7 h4 54. Bxg6 h3 55. Kf3 Kd5 56. Bf7+ Kd4 57. Bc4 Kc3 58. Bd5 h2 59. Kg2 Kd4 60. Be6 Bd6 61. Kh1 Ke4 62. Bd7 Kd5 63. Kg2 Kd4 64. Be6 Ke3 65. Bf5 Bg3 66. Bd7 Kd4 67. Bf5 Kc3 68. Be6 1/2-1/2

[Event "Berlin Lichtenberger op 15th"]
[Site "Berlin"]
[Date "2016.08.18"]
[Round "6"]
[White "Moeller, Dustin"]
[Black "Muskewitz, Bernd"]
[Result "1-0"]
[WhiteElo "1985"]
[BlackElo "1951"]
[PlyCount "63"]
[EventDate "2016.08.13"]
[EventType "swiss"]
[EventRounds "9"]
[EventCountry "GER"]
[SourceTitle "CBM 173 Extra"]
[Source "ChessBase"]
[SourceDate "2016.08.29"]
[SourceVersion "1"]
[SourceVersionDate "2016.08.29"]
[SourceQuality "1"]

1. d4 d5 2. Bf4 c5 3. e3 Nc6 4. Nf3 Bg4 5. Be2 e6 6. Nbd2 Nf6 7. 0-0 cxd4 8. exd4 Bd6 9. Bg5 h6 10. Bh4 Be7 11. c3 0-0 12. Re1 Bf5 13. Ne5 Nxe5 14. dxe5 Ne4 15. Bxe7 Qxe7 16. Nf3 Qc7 17. Bd3 Bh7 18. Qc2 Rac8 19. Nd4 Ng5 20. Bxh7+ Nxh7 21. f4 Qb6 22. Qb3 Qxb3 23. axb3 a6 24. b4 Rc4 25. g3 g5 26. f5 Re8 27. fxe6 fxe6 28. b5 Nf8 29. bxa6 bxa6 30. Rxa6 Rb8 31. Rf1 Nd7 32. Rxe6 1-0

[Event "Berlin Lichtenberger op 15th"]
[Site "Berlin"]
[Date "2016.08.13"]
[Round "1"]
[White "Muskewitz, Bernd"]
[Black "Eichstaedt, Torsten"]
[Result "1-0"]
[WhiteElo "1951"]
[BlackElo "1346"]
[PlyCount "55"]
[EventDate "2016.08.13"]
[EventType "swiss"]
[EventRounds "9"]
[EventCountry "GER"]
[SourceTitle "CBM 173 Extra"]
[Source "ChessBase"]
[SourceDate "2016.08.29"]
[SourceVersion "1"]
[SourceVersionDate "2016.08.29"]
[SourceQuality "1"]

1. e4 c6 2. d4 d5 3. exd5 cxd5 4. c4 Nf6 5. Nc3 e6 6. Nf3 Be7 7. cxd5 Nxd5 8. Bd3 Nf6 9. 0-0 0-0 10. Bf4 Nc6 11. Rc1 Qb6 12. Nb5 Nd5 13. Bg3 Rd8 14. Qe2 a6 15. Nc3 Nf6 16. Be5 Nb4 17. Bb1 Nbd5 18. Ne4 Bd7 19. Nxf6+ Nxf6 20. Bc7 Bb5 21. Bxb6 Bxe2 22. Bxd8 Bxd8 23. Rfe1 Bb5 24. a3 Nd5 25. Be4 Rb8 26. Bxd5 exd5 27. Rc5 Bc6 28. Rxc6 1-0

[Event "Berlin-ch QT"]
[Site "Berlin"]
[Date "2015.04.05"]
[Round "3"]
[White "Lorenz, Joerg"]
[Black "Muskewitz, Bernd"]
[Result "1-0"]
[WhiteElo "2126"]
[BlackElo "1947"]
[PlyCount "95"]
[EventDate "2015.04.03"]
[EventType "swiss"]
[EventRounds "9"]
[EventCountry "GER"]
[SourceTitle "EXT 2022"]
[Source "ChessBase"]
[SourceDate "2021.10.06"]
[SourceVersion "1"]
[SourceVersionDate "2021.10.06"]
[SourceQuality "1"]

1. e4 c5 2. Nc3 e6 3. g3 d5 4. exd5 exd5 5. d4 cxd4 6. Qxd4 Nf6 7. Bg5 Nc6 8. Bb5 Be7 9. Nge2 0-0 10. Qa4 Bd7 11. 0-0-0 a6 12. Bd3 Nb4 13. Qb3 Qa5 14. Nd4 h6 15. Rhe1 Rfe8 16. Be3 Ng4 17. Bf5 Bxf5 18. Nxf5 Nxe3 19. Nxe7+ Rxe7 20. fxe3 Rd8 21. a3 Nc6 22. Rxd5 Rxd5 23. Qxd5 Qb6 24. Qd2 Re5 25. e4 Na5 26. Rd1 Kh7 27. Qd4 Qe6 28. b3 f6 29. Kb2 Qh3 30. Rd2 Qc8 31. Qd7 Qc5 32. Rd5 Rxd5 33. Qxd5 Qc7 34. Qf5+ Kh8 35. Nd5 Qc5 36. Nc3 Qc7 37. Qd5 Nc6 38. Ne2 Qe7 39. Nf4 Qe8 40. Qe6 Qxe6 41. Nxe6 b6 42. Nc7 a5 43. c4 Ne5 44. Nd5 Nd7 45. b4 axb4 46. axb4 Kg8 47. Kb3 Kf7 48. Ka4 1-0

[Event "Berlin-ch QT"]
[Site "Berlin"]
[Date "2015.04.04"]
[Round "2"]
[White "Muskewitz, Bernd"]
[Black "Prix, Siegfried"]
[Result "1-0"]
[WhiteElo "1947"]
[BlackElo "1770"]
[PlyCount "69"]
[EventDate "2015.04.03"]
[EventType "swiss"]
[EventRounds "9"]
[EventCountry "GER"]
[SourceTitle "EXT 2022"]
[Source "ChessBase"]
[SourceDate "2021.10.06"]
[SourceVersion "1"]
[SourceVersionDate "2021.10.06"]
[SourceQuality "1"]

1. e4 Nf6 2. e5 Nd5 3. d4 d6 4. c4 Nb6 5. exd6 exd6 6. Nf3 Bg4 7. Be2 c6 8. 0-0 Be7 9. Qc2 0-0 10. Be3 N8d7 11. Nbd2 Nf6 12. Rfe1 Re8 13. Rad1 d5 14. c5 Nbd7 15. Qb3 Qc7 16. Qc2 Bh5 17. b4 Ng4 18. Nf1 Bg6 19. Bd3 Nxe3 20. Rxe3 Bxd3 21. Qxd3 Bf6 22. Rde1 Rxe3 23. Rxe3 Nf8 24. Ng3 g6 25. Ne5 Ne6 26. Ne2 Bg5 27. Rf3 Rf8 28. g3 h5 29. Nxg6 fxg6 30. Qxg6+ Kh8 31. Rxf8+ Nxf8 32. Qxg5 Qh7 33. Qe5+ Kg8 34. Kg2 Qg6 35. Nf4 1-0

[Event "Berlin Lichtenberger op 13th"]
[Site "Berlin"]
[Date "2014.08.24"]
[Round "9"]
[White "Muskewitz, Bernd"]
[Black "Bullig, Reinhard"]
[Result "1-0"]
[WhiteElo "1969"]
[BlackElo "1772"]
[PlyCount "75"]
[EventDate "2014.08.16"]
[EventType "swiss"]
[EventRounds "9"]
[EventCountry "GER"]
[SourceTitle "CBM 161 Extra"]
[Source "ChessBase"]
[SourceDate "2014.08.29"]
[SourceVersion "1"]
[SourceVersionDate "2014.08.29"]
[SourceQuality "1"]

1. e4 e6 2. d4 d5 3. Nd2 dxe4 4. Nxe4 c5 5. Nxc5 Bxc5 6. dxc5 Qa5+ 7. c3 Qxc5 8. Be3 Qc7 9. Qg4 f6 10. Bb5+ Nc6 11. Nf3 a6 12. Bd3 Qf7 13. 0-0 e5 14. Qa4 Be6 15. Nd2 Nge7 16. Ne4 Rd8 17. Rfd1 0-0 18. Bb6 Rd7 19. Nc5 Rd6 20. Bxh7+ Kxh7 21. Rxd6 Bd5 22. Rd1 Qg6 23. R1xd5 Nxd5 24. Rxd5 Qb1+ 25. Rd1 Qxb2 26. Qb3 Qe2 27. Qb1+ f5 28. Re1 Qd2 29. Re3 e4 30. Nb3 Qd5 31. Nd4 Ne5 32. Rh3+ Kg6 33. Qb3 Qd6 34. Qe6+ Qxe6 35. Nxe6 Rf6 36. Nf4+ Kg5 37. Rg3+ Kxf4 38. Be3# 1-0

[Event "Berlin Lichtenberger op 13th"]
[Site "Berlin"]
[Date "2014.08.19"]
[Round "4"]
[White "Muskewitz, Bernd"]
[Black "Woinowski, Michael"]
[Result "1-0"]
[WhiteElo "1969"]
[BlackElo "1731"]
[PlyCount "117"]
[EventDate "2014.08.16"]
[EventType "swiss"]
[EventRounds "9"]
[EventCountry "GER"]
[SourceTitle "CBM 161 Extra"]
[Source "ChessBase"]
[SourceDate "2014.08.29"]
[SourceVersion "1"]
[SourceVersionDate "2014.08.29"]
[SourceQuality "1"]

1. e4 e5 2. Nf3 Nc6 3. c3 Nf6 4. d4 exd4 5. e5 Nd5 6. cxd4 Bb4+ 7. Bd2 Bxd2+ 8. Qxd2 d6 9. Nc3 Nxc3 10. Qxc3 0-0 11. Be2 Bg4 12. 0-0 dxe5 13. dxe5 Qe7 14. Rfe1 Rad8 15. Rac1 Rd5 16. h3 Be6 17. a3 a6 18. Bxa6 Nxe5 19. Bxb7 Nxf3+ 20. Qxf3 Rd2 21. Qc3 Rfd8 22. Be4 Qh4 23. Qf3 Rxb2 24. Rxc7 Rb3 25. Re3 Rxe3 26. Qxe3 Rd1+ 27. Kh2 Qd8 28. Rc3 Qd6+ 29. g3 Qa6 30. Rd3 Rxd3 31. Qxd3 Qxd3 32. Bxd3 Bd5 33. a4 h6 34. a5 Kf8 35. f4 Ke7 36. Kg1 Kd6 37. Kf2 Kc5 38. Ke3 Bg2 39. h4 Bc6 40. a6 Kb6 41. Kd4 Bf3 42. Ke5 Bd1 43. Kd6 Bb3 44. f5 g5 45. fxg6 fxg6 46. Bxg6 Kxa6 47. Ke5 Kb6 48. Kf6 Kc5 49. Kg7 Kd4 50. Kxh6 Bd1 51. Kg5 Ke5 52. h5 Bxh5 53. Bxh5 Ke6 54. Kg6 Ke7 55. Kg7 Ke6 56. g4 Ke5 57. g5 Kf5 58. g6 Kg5 59. Be2 1-0

[Event "Berlin Lichtenberger op 13th"]
[Site "Berlin"]
[Date "2014.08.16"]
[Round "1"]
[White "Toth, Hans Juergen"]
[Black "Muskewitz, Bernd"]
[Result "0-1"]
[WhiteElo "1631"]
[BlackElo "1969"]
[PlyCount "102"]
[EventDate "2014.08.16"]
[EventType "swiss"]
[EventRounds "9"]
[EventCountry "GER"]
[SourceTitle "CBM 161 Extra"]
[Source "ChessBase"]
[SourceDate "2014.08.29"]
[SourceVersion "1"]
[SourceVersionDate "2014.08.29"]
[SourceQuality "1"]

1. f4 e5 2. fxe5 d6 3. exd6 Bxd6 4. Nf3 Bg4 5. g3 Nc6 6. d4 Bxf3 7. exf3 Nxd4 8. Qd3 Qe7+ 9. Be2 0-0-0 10. c3 Nc6 11. Qf5+ Kb8 12. Bg5 f6 13. Bf4 Re8 14. Qe4 Bxf4 15. Qxe7 Bxg3+ 16. hxg3 Rxe7 17. Nd2 Nh6 18. Rh4 Nf5 19. Rh3 Rhe8 20. Ne4 Nd6 21. 0-0-0 Nxe4 22. fxe4 g6 23. Bg4 Rxe4 24. Bd7 R8e7 25. Bxc6 bxc6 26. Kc2 h5 27. Rd4 Rxd4 28. cxd4 Re2+ 29. Kc3 Kc8 30. a4 Kd7 31. b3 Kd6 32. Kd3 Re1 33. Kc4 a5 34. Rh4 Rc1+ 35. Kd3 Kd5 36. Rf4 f5 37. Kd2 Rg1 38. Rf3 Kxd4 39. Rd3+ Ke5 40. Ke2 Rb1 41. Kd2 f4 42. Kc2 Rg1 43. gxf4+ Kxf4 44. Rd7 h4 45. Rxc7 h3 46. Rxc6 h2 47. Rc4+ Kg3 48. Rc3+ Kg2 49. Kd3 h1Q 50. Kc4 Qh4+ 51. Kb5 Qb4+ 0-1

[Event "Berlin Lichtenberger op 11th"]
[Site "Berlin"]
[Date "2012.08.22"]
[Round "5"]
[White "Luebke, Thomas"]
[Black "Muskewitz, Bernd"]
[Result "1/2-1/2"]
[WhiteElo "1990"]
[BlackElo "1992"]
[PlyCount "142"]
[EventDate "2012.08.18"]
[EventType "swiss"]
[EventRounds "9"]
[EventCountry "GER"]
[SourceTitle "CBM 150 Extra"]
[Source "ChessBase"]
[SourceDate "2012.10.19"]
[SourceVersion "1"]
[SourceVersionDate "2012.10.19"]
[SourceQuality "1"]

1. e4 c5 2. c3 d5 3. exd5 Qxd5 4. Nf3 Nc6 5. Na3 Bg4 6. Be2 Nf6 7. Nc2 Qd8 8. d4 e6 9. 0-0 h6 10. dxc5 Bxc5 11. Be3 Qe7 12. Nfd4 Bxe2 13. Qxe2 Rc8 14. Rad1 0-0 15. Nxc6 Rxc6 16. Nd4 Ra6 17. Qc4 Bb6 18. Rfe1 Rd8 19. Rd3 Nd5 20. Nf5 Qf6 21. Ng3 Nxe3 22. Rxd8+ Qxd8 23. fxe3 Ra5 24. a3 Rd5 25. Qf4 Rd1 26. Qf2 Qd3 27. Rxd1 Qxd1+ 28. Nf1 Qd3 29. h3 Bc7 30. Kh1 b5 31. Qf3 f5 32. Qf2 Bb6 33. Qf4 e5 34. Qf3 Qb1 35. Kh2 Qd3 36. Ng3 Bxe3 37. Nxf5 Bf4+ 38. Ng3 Qxf3 39. gxf3 Bc1 40. b4 Bxa3 41. Ne4 Kf8 42. Nd6 a6 43. Kg3 Ke7 44. Ne4 g6 45. Kf2 Bc1 46. Ke2 Ke6 47. Nc5+ Kd5 48. Kd3 a5 49. Nb3 Bg5 50. bxa5 Bd8 51. a6 Bb6 52. Nd2 Kc6 53. Ne4 Bd8 54. Nd6 Kb6 55. Nxb5 Kxa6 56. Nd6 Bf6 57. Ke4 Kb6 58. Nf7 Bg7 59. Nxe5 Kc5 60. Nxg6 Bxc3 61. Ne5 Bd2 62. f4 h5 63. Kf5 Bc1 64. Kg6 Kd5 65. Nd3 Be3 66. Kxh5 Ke4 67. Kg6 Kxd3 68. f5 Ke4 69. f6 Ke5 70. h4 Ke6 71. h5 Bh6 1/2-1/2

[Event "Berlin Lichtenberger op 11th"]
[Site "Berlin"]
[Date "2012.08.21"]
[Round "4"]
[White "Muskewitz, Bernd"]
[Black "Soliva Ruiz, Ramon"]
[Result "1-0"]
[WhiteElo "1992"]
[BlackElo "1620"]
[PlyCount "75"]
[EventDate "2012.08.18"]
[EventType "swiss"]
[EventRounds "9"]
[EventCountry "GER"]
[SourceTitle "CBM 150 Extra"]
[Source "ChessBase"]
[SourceDate "2012.10.19"]
[SourceVersion "1"]
[SourceVersionDate "2012.10.19"]
[SourceQuality "1"]

1. d4 Nf6 2. c4 g6 3. g3 Bg7 4. Bg2 c6 5. e4 0-0 6. e5 Ne8 7. Nf3 d6 8. 0-0 d5 9. cxd5 cxd5 10. Qb3 e6 11. Be3 Nc6 12. Nbd2 Nc7 13. Rfc1 Bd7 14. Bf1 a6 15. Qb6 f6 16. Nb3 fxe5 17. Nxe5 Bxe5 18. dxe5 Ne8 19. f4 Qxb6 20. Bxb6 Ng7 21. Nc5 Bc8 22. Nxa6 bxa6 23. Rxc6 Bd7 24. Rc2 Bb5 25. Rac1 Bxf1 26. Kxf1 Rab8 27. Bf2 Rf7 28. Rc8+ Rxc8 29. Rxc8+ Rf8 30. Rc6 Ra8 31. Bc5 Kf7 32. Rc7+ Kg8 33. b4 Nf5 34. g4 Ng7 35. a4 h6 36. Ra7 Rxa7 37. Bxa7 Kf8 38. b5 1-0

[Event "Berlin Lichtenberger op 10th"]
[Site "Berlin"]
[Date "2011.08.19"]
[Round "7"]
[White "Muskewitz, Bernd"]
[Black "Lange, Rudolf"]
[Result "1/2-1/2"]
[WhiteElo "1998"]
[BlackElo "1830"]
[PlyCount "72"]
[EventDate "2011.08.13"]
[EventType "swiss"]
[EventRounds "9"]
[EventCountry "GER"]
[SourceTitle "CBM 143 Extra"]
[Source "ChessBase"]
[SourceDate "2011.08.29"]
[SourceVersion "1"]
[SourceVersionDate "2011.08.29"]
[SourceQuality "1"]

1. d4 d6 2. g3 Nf6 3. Bg2 g6 4. Nf3 Bg7 5. 0-0 0-0 6. c4 Nbd7 7. Nc3 e5 8. d5 a5 9. Bg5 h6 10. Bd2 Nc5 11. Be3 b6 12. h3 Bd7 13. b3 Nfe4 14. Nxe4 Nxe4 15. Rc1 f5 16. Nd2 Nxd2 17. Bxd2 g5 18. f4 gxf4 19. gxf4 e4 20. Bc3 Qh4 21. Bxg7 Kxg7 22. Qe1 Qxe1 23. Rfxe1 Rg8 24. Kf2 Kf6 25. Rg1 Rg7 26. Bh1 Rag8 27. Rxg7 Rxg7 28. Rc3 Be8 29. Bg2 Bh5 30. Bf1 Re7 31. Rg3 Rg7 32. Rxg7 Kxg7 33. a3 Kf6 34. b4 axb4 35. axb4 Bf7 36. b5 Bh5 1/2-1/2

[Event "Berlin Lichtenberger op 10th"]
[Site "Berlin"]
[Date "2011.08.13"]
[Round "1"]
[White "Muskewitz, Bernd"]
[Black "Stiewe, Frank"]
[Result "1-0"]
[WhiteElo "1998"]
[BlackElo "1696"]
[PlyCount "57"]
[EventDate "2011.08.13"]
[EventType "swiss"]
[EventRounds "9"]
[EventCountry "GER"]
[SourceTitle "CBM 143 Extra"]
[Source "ChessBase"]
[SourceDate "2011.08.29"]
[SourceVersion "1"]
[SourceVersionDate "2011.08.29"]
[SourceQuality "1"]

1. d4 Nf6 2. c4 e6 3. Nf3 Bb4+ 4. Bd2 Bxd2+ 5. Nbxd2 0-0 6. e3 b6 7. Be2 Bb7 8. b4 d6 9. 0-0 Nbd7 10. Qb3 Qe7 11. Nb1 Rfd8 12. Nc3 c6 13. Rfd1 Rab8 14. Qc2 c5 15. a3 cxd4 16. exd4 Ne8 17. Nd2 f5 18. Bf3 Bxf3 19. Nxf3 Ndf6 20. Re1 Qc7 21. Qe2 e5 22. dxe5 dxe5 23. Nb5 Qd7 24. Nxe5 Qb7 25. Rad1 Rdc8 26. Nd7 Nxd7 27. Qe6+ Kh8 28. Rxd7 Qa8 29. Qf7 1-0

[Event "Berlin Lichtenberger op 9th"]
[Site "Berlin"]
[Date "2010.08.13"]
[Round "7"]
[White "Muskewitz, Bernd"]
[Black "Hantusch, Ralf"]
[Result "1-0"]
[WhiteElo "2017"]
[BlackElo "1867"]
[PlyCount "71"]
[EventDate "2010.08.07"]
[EventType "swiss"]
[EventRounds "9"]
[EventCountry "GER"]
[SourceTitle "CBM 137 Extra"]
[Source "ChessBase"]
[SourceDate "2010.09.01"]
[SourceVersion "1"]
[SourceVersionDate "2010.09.01"]
[SourceQuality "1"]

1. d4 d5 2. g3 g6 3. Bg2 Bg7 4. Nf3 Nf6 5. c4 dxc4 6. Ne5 0-0 7. Na3 Na6 8. Naxc4 c5 9. e3 Nd7 10. 0-0 Nxe5 11. Nxe5 Qc7 12. f4 Rd8 13. Qb3 e6 14. Rd1 cxd4 15. exd4 Qb6 16. Qxb6 axb6 17. Be3 Nb4 18. Rdc1 Nd5 19. Kf2 Bf8 20. a3 Bd7 21. Bxd5 exd5 22. Rc7 Bc6 23. Nxc6 bxc6 24. Rxc6 b5 25. Bd2 b4 26. a4 Ra5 27. b3 Rb8 28. Rac1 Kg7 29. Rc8 Rb7 30. R1c7 Rb6 31. Rd7 Re6 32. Rb7 Re4 33. Rxf8 Rxd4 34. Rfxf7+ Kg8 35. Rfc7 Rxd2+ 36. Ke3 1-0